Introduction to physical education, fitness, and sport / (Record no. 34977)

MARC details
000 -LEADER
fixed length control field 01048pam a2200301 a 4500
001 - CONTROL NUMBER
control field 2123755
003 - CONTROL NUMBER IDENTIFIER
control field OSt
005 - DATE AND TIME OF LATEST TRANSACTION
control field 20220416142136.0
008 - FIXED-LENGTH DATA ELEMENTS--GENERAL INFORMATION
fixed length control field 970220s1998 caua b 001 0 eng
010 ## - LIBRARY OF CONGRESS CONTROL NUMBER
LC control number 97009099
020 ## - INTERNATIONAL STANDARD BOOK NUMBER
International Standard Book Number 1559349107 (acidfree paper)
040 ## - CATALOGING SOURCE
Original cataloging agency DLC
Transcribing agency HU
Modifying agency DLC
050 00 - LIBRARY OF CONGRESS CALL NUMBER
Classification number GV341
Item number .S479 1998
082 00 - DEWEY DECIMAL CLASSIFICATION NUMBER
Classification number 613.7/1SIE1998
Edition number 21
100 1# - MAIN ENTRY--PERSONAL NAME
Personal name Siedentop, Daryl.
9 (RLIN) 8869
245 10 - TITLE STATEMENT
Title Introduction to physical education, fitness, and sport /
Statement of responsibility, etc. Daryl Siedentop.
250 ## - EDITION STATEMENT
Edition statement 3rd ed.
260 ## - PUBLICATION, DISTRIBUTION, ETC.
Place of publication, distribution, etc. Mountain View, Calif. :
Name of publisher, distributor, etc. Mayfield Pub. Co.,
Date of publication, distribution, etc. c1998.
300 ## - PHYSICAL DESCRIPTION
Extent xxi, 410 p. :
Other physical details ill. ;
Dimensions 24 cm.
504 ## - BIBLIOGRAPHY, ETC. NOTE
Bibliography, etc. note Includes bibliographical references (p. 389-400) and index.
650 #0 - SUBJECT ADDED ENTRY--TOPICAL TERM
Topical term or geographic name entry element Physical education and training.
9 (RLIN) 5655
650 #0 - SUBJECT ADDED ENTRY--TOPICAL TERM
Topical term or geographic name entry element Physical fitness.
9 (RLIN) 5673
650 #0 - SUBJECT ADDED ENTRY--TOPICAL TERM
Topical term or geographic name entry element Sports.
9 (RLIN) 4985
650 #0 - SUBJECT ADDED ENTRY--TOPICAL TERM
Topical term or geographic name entry element Sports sciences.
9 (RLIN) 36188
906 ## - LOCAL DATA ELEMENT F, LDF (RLIN)
a 7
b cbc
c orignew
d 1
e ocip
f 19
g y-gencatlg
942 ## - ADDED ENTRY ELEMENTS (KOHA)
Source of classification or shelving scheme Dewey Decimal Classification
Koha item type Books like text book referance book
Suppress in OPAC No
Holdings
Withdrawn status Lost status Source of classification or shelving scheme Damaged status Not for loan Collection code Home library Current library Shelving location Date acquired Total Checkouts Full call number Barcode Date last seen Copy number Price effective from Koha item type
    Dewey Decimal Classification     Reference Wondo Genet Library Wondo Genet Library General Stacks 04/16/2022   613.7/1SIE1998 WGCFNRL00019292 04/16/2022 1 04/16/2022 Books like text book referance book